Normal view
MARC view
Entry Topical Term
001 - CONTROL NUMBER
- control field: 23807
003 - CONTROL NUMBER IDENTIFIER
- control field: OSt
005 - DATE AND TIME OF LATEST TRANSACTION
- control field: 20260416132730.0
008 - FIXED-LENGTH DATA ELEMENTS
- fixed length control field: 260416|| aca||aabn | a|a d
040 ## - CATALOGING SOURCE
- Original cataloging agency: OSt
- Transcribing agency: OSt
150 ## - HEADING--TOPICAL TERM
- Topical term or geographic name entry element: French language--Textbook for foreign speakers--English
670 ## - SOURCE DATA FOUND
- Source citation: Work cat.: (OSt)21737: Pons, Cathy., Mary Ellen Scullen., Albert Valdman 23806, Points de depart, 2007
